Rekordtrainer der Bundesligisten - Statistiken

Allgemein
  • Dieses Quiz wurde 299 mal gespielt
  • Das Durchschnittsergebnis liegt bei 8 aus 18
Antwortstatistiken
BL-Spiele Verein Trainer % Korrekt
238 Borussia Dortmund Jürgen Klopp
80%
68 RB Leipzig Ralph Hasenhüttl / Julian Nagelsmann
75%
116 TSG 1899 Hoffenheim Julian Nagelsmann
72%
493 Werder Bremen Otto Rehhagel
70%
101 1. FC Union Berlin Urs Fischer
66%
340 SC Freiburg Volker Finke
56%
248 FC Schalke 04 Huub Stevens
52%
299 FC Bayern München Udo Lattek
51%
170 1. FSV Mainz 05 Thomas Tuchel
46%
163 1. FC Köln Christoph Daum
41%
144 Bayer 04 Leverkusen Christoph Daum
41%
339 Borussia Mönchengladbach Hennes Weisweiler
41%
172 FC Augsburg Markus Weinzierl
40%
166 VfL Wolfsburg Wolfgang Wolf
19%
143 VfB Stuttgart Hans-Jürgen Sundermann
5%
205 Eintracht Frankfurt Dietrich Weise
4%
238 VfL Bochum Heinz Höher
4%
212 Hertha BSC Helmut Kronsbein
4%
Keine übereinstimmenden Quizze gefunden
Verteilung der Resultate
Anzahl Personen mit jedem Resultat
Perzentil nach korrekt beantworteten Fragen
Ihre Resultats-Entwicklung
Sie haben dieses Quiz noch nicht gespielt